02119nam a2200265Ia 4500001000600000003000900006008004100015040001300056040001300069041001300082100001800095100002900113245007400142245007400216250001100290260001000301260000900311260004900320300004300369500133700412650002501749650003101774700002001805700002801825E5103IT-RoPAU130308s9999 xx 000 0 und d aIT-RoPAU cIT-RoPAU aITALIANO aBarba Eugenio gCodice Aut. SPICS: 9595 aArte segreta dell'attore (L'). Un dizionario di antropologia teatrale bArte Segreta dell'attore (L'). Un Dizionario di Antropologia Teatrale a1a ed. aLECCE bArgo c1996 [1° Ed.:1996 - Ed.Ling.Originale:1990] a"276 p. (prefazione: no ; testo: 276)" aVolume Pubblicato nel 1990 Dall'Ista sotto Il titolo The Secret Art Of Theperformer. Introduzione: Antropologia Teatrale di Eugenio Barba. Dizionario: Saggi Sui vari termini teatrali in Ordine Alfabetico con Il Contributo di Alcuni Autori. Anatomia di Nicola Savarese. Apprendistato con Esempi Occidentali di Fabrizio Cruciani ed Esempi Orientali di Rosemary Jeanes Antze. Dilatazione: Corpo Dilatato di Eugenio Barba, Mente Dilatata di Franco Ruffini. Drammaturgia: Azioni di Lavoro di Eugenio Barba. Enrgia.Equilibrio. Equivalenza. Mani. montaggio dell'attore e del regista di Eugenio Barba. nostalgia o passione dei Ritorni di Nicola Savarese. Occhi e Volto. Omissione. Opposizione. Piedi. Pre Espressività. restauro del Comportamento di Richard Schechner. Ritmo. scenografia e Costume. Storiografia: Lingua Energica Diferdinando Taviani, Sistema di Stanislavskij di Franco Ruffini, Mejerchol'D: Il Grottesco Cioe' la Biomeccanica di Eugenio Barba. Tecnica: nozioni Ditecniche del Corpo di Marcel Mauss, leggi pragmatiche di Jerzy Brotowski. testo e scena di Franco Ruffini. Training: Apprendere di Eugenio Barba, Training in Prospettiva Interculturale di Richard Schechner, Training e Punto di partenza di Nicola Savarese. visioni dell'attore e Dello spettatore di Ferdinando Taviani. Visione Come Arte Segreta. Bibliografia. aEDUCAZIONE AL TEATRO eCodice materia Spics: 8412 aSavarese Nicola gCodice Aut. SPICS: 1578